00410nam a2200169Ia 4500008004100000041001000041082002400051100001900075245003300094365000700127520001000134546001000144630003300154650001000187655001000197730003300207101110s9999 xx 000 0 und d aHINDI bSR16790a891.432009 aRay Narnarayan aNatakkar Laxminarayan Mishra b30 aHindi aHINDI aNatakkar Laxminarayan Mishra aHindi aHindi aNatakkar Laxminarayan Mishra